Revision of the genus Elasmoderus saussure (Orthoptera: Tristiridae) (Registro nro. 12547)

Detalles MARC
000 -CABECERA
Campo de control 007580000a22002290004500
090 ## - CLASIFICACIÓN LOCAL
Colección AR
Consecutivo 03497
041 0# - IDIOMA
Código de idioma para texto/pista de sonido o título separado
100 1# - ASIENTO PRINCIPAL--NOMBRE PERSONAL
Nombre personal Cigliano, María Marta
245 10 - MENCION DE TITULO
Título Revision of the genus Elasmoderus saussure (Orthoptera: Tristiridae)
650 14 - ASIENTO SECUNDARIO DE MATERIA - TERMINO TEMATICO
Término temático o nombre geográfico como elemento de entrada Entomología
650 14 - ASIENTO SECUNDARIO DE MATERIA - TERMINO TEMATICO
Término temático o nombre geográfico como elemento de entrada Taxonomía animal
650 14 - ASIENTO SECUNDARIO DE MATERIA - TERMINO TEMATICO
Término temático o nombre geográfico como elemento de entrada Sistemática animal
650 14 - ASIENTO SECUNDARIO DE MATERIA - TERMINO TEMATICO
Término temático o nombre geográfico como elemento de entrada Morfología animal
650 14 - ASIENTO SECUNDARIO DE MATERIA - TERMINO TEMATICO
Término temático o nombre geográfico como elemento de entrada Nuevas especies
653 ## - TERMINO DE INDIZACION - NO CONTROLADO
-- Elasmoderus
-- Elasmoderus wagenknechti
653 ## - TERMINO DE INDIZACION - NO CONTROLADO
-- Philippiacris
-- Philippiacris rabiosus
653 ## - TERMINO DE INDIZACION - NO CONTROLADO
-- Elasmoderus
-- elasmoderus minutus
700 1# - ASIENTO SECUNDARIO - NOMBRE PERSONAL
Nombre personal Ronderos, Ricardo A.
700 1# - ASIENTO SECUNDARIO - NOMBRE PERSONAL
Nombre personal Kemp, William P.
773 1# - Item fuente:
Título Canadian Entomologist
Paginas del Articulo 225-243
Lugar, editorial y fecha de publicación 1989
Información sobre la relación 121
942 ## - ELEMENTOS ADICIONALES (KOHA)
Tipo de ítem Artículo
Existencias
Withdrawn status Lost status Damaged status No para préstamo Colección Ubicación Permanente Ubicación actual Fecha de adquisición Datos de publicación Seriada Total Checkouts Número topográfico Inventario / Código de Barras Date last seen Price effective from Forma de adquisición Tipo de material
      No para Préstamo Hemeroteca Bogotá Bogotá 27/02/2015 Fuera de circulación   AR 03497 014398 25/03/2015 25/03/2015   Artículo